000 00651nam a22001937a 4500
999 _c17280
_d17280
003 AR-CdUCM
008 190508b ||||| |||| 00| 0 spa d
040 _aMUNICIPALIDAD PROVINCIAL DEL CUSCO
_cBIBLIOTECA MUNICIPAL DEL CUSCO
082 _a928 /
_bP77
100 _aPonce, Anibal
_92441
245 _aLos autores y los libros /
260 _aBuenos Aires :
_bEl viento en el mundo,
_c1970.
300 _a297 páginas ;
_c20.5 cm.
505 _aContenido: Explicación -- Sobre Blomberg, las puertas de Babel -- Carlos Alberto Leumann...
650 _aAutores
_9730
650 _aFilosofía
_9395
942 _2ddc
_cLIBROS
945 _aacv
_d2019-05-08